| 000 | 00000nam##2200000za#4500 |
| 001 | 9.579095 |
| 003 | CaOODSP |
| 005 | 20210624190412 |
| 007 | cr ||||||||||| |
| 008 | 150406|1990||||xxc|||||o f|0| 0 eng|d |
| 040 | |aCaOODSP|beng |
| 043 | |an-cn--- |
| 086 | 1 |aFs97-4/2085E-PDF |
| 110 | 1 |aCanada. |bDepartment of Fisheries and Oceans. |
| 245 | 10|aAssessment of Harrison River chinook salmon / |h[electronic resource]|cby P.J. Starr and N.D. Schubert. |
| 260 | |aNanaimo - British Columbia : |bFisheries and Oceans Canada |cSeptember 1990. |
| 300 | |a58p.|bfigs., graphs, maps, references, tables |
| 490 | 1 |aCanadian manuscript report of fisheries and aquatic sciences|x1488-5387|vNo. 2085 |
| 546 | |a(Résumés en français) |
| 590 | |a14-05-Supp|b2014-02-26 |
| 830 | #0|aCanadian manuscript report of fisheries and aquatic sciences,|x1488-5387|vNo. 2085|w(CaOODSP)9.505211 |
| 856 | 40|ahttp://publications.gc.ca|qPDF|s12209 KB|uhttps://publications.gc.ca/collections/collection_2014/mpo-dfo/Fs97-4-2085-eng.pdf|yNo. 2085 |
| 022 | |a1488-5387 |